Statistics for Transition Metals with Symbols

Click here to take the quiz!

General Stats

  • This quiz has been taken 135 times
  • The average score is 24 of 34

Answer Stats

Atomic NumberSymbolElement% Correct
29CuCopper
100%
22TiTitanium
100%
26FeIron
94%
28NiNickel
94%
30ZnZinc
94%
79AuGold
91%
24CrChromium
88%
27CoCobalt
88%
47AgSilver
88%
21ScScandium
85%
39YYttrium
82%
48CdCadmium
79%
25MnManganese
79%
23VVanadium
79%
40ZrZirconium
76%
77IrIridium
74%
80HgMercury
74%
78PtPlatinum
71%
74WTungsten
71%
46PdPalladium
68%
76OsOsmium
62%
45RhRhodium
62%
42MoMolybdenum
59%
43TcTechnetium
59%
104RfRutherfordium
56%
72HfHafnium
53%
41NbNiobium
53%
75ReRhenium
47%
44RuRuthenium
47%
73TaTantalum
47%
107BhBohrium
35%
105DbDubnium
35%
106SgSeaborgium
35%
108HsHassium
32%

Score Distribution

Percentile by Number Answered

Percent of People with Each Score

Your Score History

You have not taken this quiz